UBT Library

Operations management : (Record no. 47179)

000 -LEADER
fixed length control field 00989cam a22003134a 4500
001 - CONTROL NUMBER
control field 14065495
005 - DATE AND TIME OF LATEST TRANSACTION
control field 20180815050613.0
008 - FIXED-LENGTH DATA ELEMENTS--GENERAL INFORMATION
fixed length control field 050805s2007 maua b 001 0 eng
010 ## - LIBRARY OF CONGRESS CONTROL NUMBER
LC control number 2005053363
020 ## - INTERNATIONAL STANDARD BOOK NUMBER
International Standard Book Number 0073137065 (alk. paper)
020 ## - INTERNATIONAL STANDARD BOOK NUMBER
International Standard Book Number 007313709X (CDROM)
020 ## - INTERNATIONAL STANDARD BOOK NUMBER
International Standard Book Number 0073230588 (text w/CDROM)
020 ## - INTERNATIONAL STANDARD BOOK NUMBER
International Standard Book Number 9780073137063
020 ## - INTERNATIONAL STANDARD BOOK NUMBER
International Standard Book Number 9780073137094
020 ## - INTERNATIONAL STANDARD BOOK NUMBER
International Standard Book Number 9780073230580
035 ## - SYSTEM CONTROL NUMBER
System control number (OCoLC)ocm61254048
040 ## - CATALOGING SOURCE
Original cataloging agency DLC
Transcribing agency DLC
Modifying agency BAKER
-- C#P
-- UBY
-- DLC
041 ## - LANGUAGE CODE
Language code of text/sound track or separate title eng
042 ## - AUTHENTICATION CODE
Authentication code pcc
080 ## - UNIVERSAL DECIMAL CLASSIFICATION NUMBER
Universal Decimal Classification number 658.5
082 00 - DEWEY DECIMAL CLASSIFICATION NUMBER
Classification number 658.5
Edition number 22
100 1# - Rafti
Rafti 53
101 ## - Shkurtesa
Shkurtesa MAN
245 10 - TITLE STATEMENT
Title Operations management :
Statement of responsibility, etc Roger G. Schroeder.
504 ## - BIBLIOGRAPHY, ETC. NOTE
Bibliography, etc Includes bibliographical references and index.
906 ## - LOCAL DATA ELEMENT F, LDF (RLIN)
a 7
b cbc
c orignew
d 1
e ocip
f 20
g y-gencatlg
942 ## - ADDED ENTRY ELEMENTS (KOHA)
Source of classification or shelving scheme
Item type Books
Holdings
Withdrawn status Lost status Source of classification or shelving scheme Damaged status Not for loan Collection code Permanent location Current location Shelving location Date acquired Total Checkouts Full call number Barcode Date last seen Price effective from Koha item type
          Koleksioni i përgjithshem UBT - Lipjan UBT - Lipjan Koleksioni i përgjithshem 08/15/2018   658.5 SCH 002-3011365 08/15/2018 08/15/2018 Books
UBT Library © 2015-2024. All rights reserved University Education for Business and Technology